000
00329nam a2200145Ia 4500
008
230917s9999||||xx |||||||||||||| ||und||
040
_e
154918
_a
MAIN
041
_a
English
082
_a
891.28 B469S
100
_a
Bharti, Ramchandra
245
0
_a
Saflo vidyarthi
260
_a
Delhi
_c
1970
300
_a
282 p.
942
_c
BK
999
_c
209263
_d
209263